Chronicles : On Our Troubled Times (Penguin)
| 1. Verfasser: | |
|---|---|
| Format: | Unbekannt |
| Veröffentlicht: |
Penguin Books
|
| LEADER | 00207 a2200085 4500 | ||
|---|---|---|---|
| 020 | |a 9780241307205 | ||
| 100 | |a Thomas Piketty | ||
| 245 | |a Chronicles : On Our Troubled Times (Penguin) | ||
| 260 | |b Penguin Books | ||
| 999 | |c 42009 |d 42009 | ||